Cái toàn thể và trật tự ẩn
Phát hiện những trật tự mới qua lịch sử vật lý học; Tìm hiểu trật tự ẩn tàng và và hiển lộ trong quy luật vật lý
Đã lưu trong:
| Tác giả chính: | |
|---|---|
| Định dạng: | Sách |
| Ngôn ngữ: | Undetermined |
| Được phát hành: |
Hà Nội
Tri thức
2014
|
| Những chủ đề: | |
| Các nhãn: |
Thêm thẻ
Không có thẻ, Là người đầu tiên thẻ bản ghi này!
|
| Thư viện lưu trữ: | Trung tâm Học liệu Trường Đại học Cần Thơ |
|---|
| LEADER | 00760nam a2200205Ia 4500 | ||
|---|---|---|---|
| 001 | CTU_215474 | ||
| 008 | 210402s9999 xx 000 0 und d | ||
| 020 | |c 105000 | ||
| 082 | |a 530.12 | ||
| 082 | |b B677 | ||
| 100 | |a Bohn, David | ||
| 245 | 0 | |a Cái toàn thể và trật tự ẩn | |
| 245 | 0 | |c David Bohn ; Tiết Hùng Thái (dịch) | |
| 260 | |a Hà Nội | ||
| 260 | |b Tri thức | ||
| 260 | |c 2014 | ||
| 520 | |a Phát hiện những trật tự mới qua lịch sử vật lý học; Tìm hiểu trật tự ẩn tàng và và hiển lộ trong quy luật vật lý | ||
| 650 | |a Physics,Vật lý học | ||
| 904 | |i Nguyên | ||
| 980 | |a Trung tâm Học liệu Trường Đại học Cần Thơ | ||